Quiz Cultura Generale - Quiz n°54 - Statistics

Statistiche generali
  • Questo quiz è stato fatto 209 volte
  • Il punteggio medio è 11 su 15
Statistiche sulle risposte
Domanda Risposta % Corretto
Di quale nazionalità era Giovanna d'Arco? Francese
97%
Quanti atri ha il cuore di un essere umano? 2
96%
Quanti premolari ci sono in un'arcata dentaria? 4
95%
Qual è la terza lettera dell'alfabeto greco? Γ (Gamma)
94%
Quale moneta è utilizzata a San Marino? Euro
93%
Il Giglio è il simbolo di quale città? Firenze
86%
In quale città vive Batman? Gotham City
86%
In quale nazione asiatica si trova il Taj Mahal? India
86%
In quale mese dell'anno cade la festa dell'Immacolata Concezione? Dicembre
85%
In quale anno ebbe inizio la Rivoluzione Francese? 1789
82%
Qual è il nome dell'attrice Bullock? Sandra
78%
Come si chiama il padre di Harry Potter? James Potter
54%
Come viene chiamata la penisola di forma triangolare posta sul lato orientale del continente africano? Corno d'Africa
53%
In quale regione italiana si trova la città di Aquileia? Friuli-Venezia Giulia
48%
Come si chiama la prima raccolta di poesie di Giuseppe Ungaretti? Il porto sepolto
6%
Nessun quiz corrispondente trovato
Distribuzione punteggi
Percentuale di utenti per punteggio
Percentile per numero di risposta
I tuoi punteggi nel tempo
Non hai fatto questo quiz